000 00489nam a2200193Ia 4500
003 OSt
005 20250205144151.0
008 210210b1974 xxu||||| |||| 00| 0 eng d
040 _cAL
041 _aKannada
082 _aK894.3 BICM
100 _aBICHI.
_9131309
_dಬೀಚಿ.
245 _aMurida bombe.
_bಮುರಿದ ಬೊಂಬೆ
260 _aBengaluru
_bPrakasha Sahitya
_c1974
300 _a160
690 _aKannada Fiction
_9131310
906 _a031332
942 _2ddc
_cBK
999 _c82402
_d82402